| 000 | 00752nam a2200193Ii 4500 | ||
|---|---|---|---|
| 003 | JO-AjNU | ||
| 008 | 230605s9999||||xx |||||||||||||| ||und|| | ||
| 040 |
_aJO-AjNU _bara _erda _cJO-AjNU |
||
| 041 | _aara | ||
| 050 | 1 | 4 | _aRC1225.I8288 1987 |
| 100 | 3 |
_aحلمي، عصام محمد امين، م.مشارك اسامة مصطفى رياض, _eauthor _934515 |
|
| 245 | 0 | 0 | _aالطب الرياضي والتمرينات العلاجية في الماء |
| 264 | 3 | 1 | _aالاسكندرية: الفنية للطباعة والنشر، 1987 |
| 300 | _a110ص | ||
| 336 |
_atext _btxt _2rdacontent |
||
| 337 |
_aunmediated _bn _2rdamedia |
||
| 338 |
_avolume _bnc _2rdacarrier |
||
| 650 | 4 |
_aالتمرينات المائية - الطب الرياضي _934516 |
|
| 999 |
_aA14160 _c17728 _d17728 |
||